000 00542nam a2200193Ia 4500
005 20250508155329.0
008 008 250505s9999 xx 000 0 eng d
037 _aTextual
040 _aFEDL
_beng
_cFEDL
041 _aeng
_2eng
084 _a370.96, SUT
_qFEDL
100 _aSutherland Efua
_9766876
245 0 _aPlaytime in Africa
260 _aGhana
_bWillis E Bell And Efua Sutherland SA
_c1960
300 _a62p
650 _aEducation - Africa
_9620002
942 _cTEXL
_h370.96, SUT
999 _c1356104
_d1356104